Normal view
MARC view
- الحكم التكليفي- اصول الفقه الاسلامي- فرق اسلامية
Entry Topical Term
001 - CONTROL NUMBER
- control field: 42606
003 - CONTROL NUMBER IDENTIFIER
- control field: JO-AjAnu
005 - DATE AND TIME OF LATEST TRANSACTION
- control field: 20230606081052.0
008 - FIXED-LENGTH DATA ELEMENTS
- fixed length control field: 230606|| aca||aabn | a|a d
040 ## - CATALOGING SOURCE
- Original cataloging agency: JO-AjAnu
- Transcribing agency: JO-AjAnu
150 ## - HEADING--TOPICAL TERM
- Topical term or geographic name entry element: الحكم التكليفي- اصول الفقه الاسلامي- فرق اسلامية
670 ## - SOURCE DATA FOUND
- Source citation: Work cat.: (JO-AjAnu)21823: المعتزلي، أبو الحسن عبد الجبار بن أحمد ، عناية وتصحيح الاب جين يوسف هوبن اليسوعي ، مراجعة دانيال جيماريه, author 42605, كتاب المجموع في المحيط بالتكليف، ج2